Online
Catalog

Turismo en cifras 1982-1984 / (Record no. 48966)

MARC details
000 -CABECERA
campo de control de longitud fija 01186nam a2200313 a 4500
001 - NÚMERO DE CONTROL
campo de control
003 - IDENTIFICADOR DEL NÚMERO DE CONTROL
campo de control OSt
005 - FECHA Y HORA DE LA ÚLTIMA TRANSACCIÓN
campo de control 20201027103452.0
008 - DATOS DE LONGITUD FIJA--INFORMACIÓN GENERAL
campo de control de longitud fija 091207s1985 dr ad 001 0 spa d
040 ## - FUENTE DE LA CATALOGACIÓN
Centro catalogador/agencia de origen DO-SdBNP
Lengua de catalogación spa
Centro/agencia transcriptor DO-SdBNP
082 ## - NÚMERO DE LA CLASIFICACIÓN DECIMAL DEWEY
Número de clasificación 338.4791
Número de documento/Ítem R426t,1985
110 2# - ENTRADA PRINCIPAL--NOMBRE DE ENTIDAD CORPORATIVA
Nombre de entidad corporativa o nombre de jurisdicción como elemento de entrada República Dominicana.
Unidad subordinada Secretaría de Estado de Turismo
9 (RLIN) 32026
245 10 - MENCIÓN DE TÍTULO
Título Turismo en cifras 1982-1984 /
Mención de responsabilidad, etc.
260 ## - PUBLICACIÓN, DISTRIBUCIÓN, ETC.
Lugar de publicación, distribución, etc. Santo Domingo :
Nombre del editor, distribuidor, etc. Secretaría de Estado de Turismo,
Fecha de publicación, distribución, etc. 1985
300 ## - DESCRIPCIÓN FÍSICA
Extensión 97 p. :
Otras características físicas il., gráfcs., tablas. ;
Dimensiones 28. cm.
501 ## - NOTA DE "CON"
Nota de “Con”
505 0# - NOTA DE CONTENIDO CON FORMATO
Nota de contenido con formato Presentación -- aspecto mas relevantes del turismo -- Glosario de términos -- Turismo egresivo -- Estadísticas hotelera -- Encuesta de gastos y motivación -- Información generales, 1984 -- Directorio de desarrollo turístico -- proyectos aprobados, 1980-1984.
546 ## - NOTA DE LENGUA/LENGUAJE
Nota de lengua/lenguaje
563 ## - NOTA DE ENCUADERNACIÓN
Nota de encuadernación
590 ## - NOTA LOCAL (RLIN)
Nota local Inventariado,2020/VM
650 #4 - PUNTO DE ACCESO ADICIONAL DE MATERIA--TÉRMINO DE MATERIA
Término de materia o nombre geográfico como elemento de entrada Turismo
Subdivisión geográfica República Dominicana
Subdivisión general Estadísticas
9 (RLIN) 32027
650 #4 - PUNTO DE ACCESO ADICIONAL DE MATERIA--TÉRMINO DE MATERIA
Término de materia o nombre geográfico como elemento de entrada Turismo y desarrollo
Subdivisión geográfica República Dominicana
9 (RLIN) 32028
650 #4 - PUNTO DE ACCESO ADICIONAL DE MATERIA--TÉRMINO DE MATERIA
Término de materia o nombre geográfico como elemento de entrada Comercio turístico
Subdivisión general Estadísticas
9 (RLIN) 32029
700 ## - PUNTO DE ACCESO ADICIONAL--NOMBRE DE PERSONA
Nombre de persona
Término indicativo de función/relación
9 (RLIN) 16831
740 ## - PUNTO DE ACCESO ADICIONAL--TÍTULO RELACIONADO O ANALÍTICO NO CONTROLADO
Título relacionado o analítico no controlado
910 ## - DATOS DE OPCIÓN DEL USUARIO (OCLC)
Datos de opción del usuario
942 ## - ELEMENTOS DE PUNTO DE ACCESO ADICIONAL (KOHA)
Fuente del sistema de clasificación o colocación Dewey Decimal Classification
Tipo de ítem Koha Libro
956 ## - LOCALIZACIÓN Y ACCESO ELECTRÓNICOS LOCAL (OCLC)
Nombre del host VMateo
Holdings
Estado de retiro Estado de pérdida Fuente del sistema de clasificación o colocación No para préstamo Localización permanente Ubicación/localización actual Fecha de adquisición Fuente de adquisición Total de préstamos Signatura topográfica completa Código de barras Fecha visto por última vez Precio válido a partir de Tipo de ítem Koha
    Dewey Decimal Classification Excluido de préstamo Biblioteca Nacional Pedro Henríquez Ureña Patrimonio Dominicano 27.10.2020 Reyes Duluc   BNPHU PD 338.4791 R426t,1985 2020-0232 27.10.2020 27.10.2020 Libro

Powered by Koha